Business stategy

Spremljeno u:
Bibliografski detalji
Glavni autor: Ansoff, H. Igor
Format: Knjiga
Jezik:Undetermined
Izdano: England Penguin Books 1969
Teme:
Oznake: Dodaj oznaku
Bez oznaka, Budi prvi tko označuje ovaj zapis!
Thư viện lưu trữ: Trung tâm Học liệu Trường Đại học Cần Thơ
LEADER 00489nam a2200193Ia 4500
001 CTU_88562
008 210402s9999 xx 000 0 und d
082 |a 650.5 
082 |b A622 
100 |a Ansoff, H. Igor 
245 0 |a Business stategy 
245 0 |c H. Igor Ansoff 
260 |a England 
260 |b Penguin Books 
260 |c 1969 
650 |a Management 
650 |x Statistical methods 
904 |i Giang,Hải 
980 |a Trung tâm Học liệu Trường Đại học Cần Thơ